000 00668nam a22002537a 4500
001 0132
003 DO-SdBNP
005 20180119152457.0
007 0132
008 151005b2007 sp 00| 0 spa d
040 _aBPMSU
_bspa
_cBPMSU
092 _aXXXX
_bXXXX
245 0 0 _aConocer nuestras plantas /
_cpresentación Carles Herrera
260 _aBarcelona :
_bLa Caixa,
_c2007.
300 _a123 p. :
_bretrs. ;
_c20 cm.
490 1 _aClub estrella
521 1 _aA partir de los 12 aƱos
700 1 2 _aHerrera, Carles
_epres.
830 0 _aClub estrella
910 _a202
942 _2ddc
_cBK
945 _aInventariado, 2018 / YL
956 _aYngrid Lockward
_b10
_cBPMSU
999 _c8761
_d8761